LEADER 02392nam0 22005533i 450 001 VAN0275376 005 20240612022345.517 017 70$2N$a9783030732417 100 $a20240424d2021 |0itac50 ba 101 $aeng 102 $aCH 105 $a|||| ||||| 200 1 $aTrends in Biomathematics: Chaos and Control in Epidemics, Ecosystems, and Cells$eSelected Works from the 20th BIOMAT Consortium Lectures, Rio de Janeiro, Brazil, 2020$fRubem P. Mondaini editor 210 $aCham$cSpringer$d2021 215 $axi, 395 p.$cill.$d24 cm 606 $a00B25$xProceedings of conferences of miscellaneous specific interest [MSC 2020]$3VANC020732$2MF 606 $a92-XX$xBiology and other natural sciences [MSC 2020]$3VANC020839$2MF 610 $aAgent-based model$9KW:K 610 $aBCL2$9KW:K 610 $aBIOMAT Consortium$9KW:K 610 $aBIOMAT Lectures$9KW:K 610 $aCOVID-19$9KW:K 610 $aCell proliferation model$9KW:K 610 $aComputational Modelling$9KW:K 610 $aCoronavirus$9KW:K 610 $aEbola$9KW:K 610 $aHPV$9KW:K 610 $aHepatitis B virus infection$9KW:K 610 $aHuman papillomavirus$9KW:K 610 $aLotka-Volterra biological model$9KW:K 610 $aMacroalgae-borne pathogen$9KW:K 610 $aMathematical modelling$9KW:K 610 $aMichaelis-Menten functional response$9KW:K 610 $aPhytoplankton-zooplankton interaction model$9KW:K 610 $aPredator-prey system$9KW:K 610 $aSLIR model$9KW:K 610 $areplicator systems$9KW:K 620 $aCH$dCham$3VANL001889 702 1$aMondaini$bRubem P.$3VANV096521 712 12$aBIOMAT Consortium Lectures$d20.$f2020$eRio de Janeiro$3VANV227855 712 $aSpringer $3VANV108073$4650 801 $aIT$bSOL$c20240614$gRICA 856 4 $uhttps://doi.org/10.1007/978-3-030-73241-7$zE-book ? Accesso al full-text attraverso riconoscimento IP di Ateneo, proxy e/o Shibboleth 899 $aBIBLIOTECA DEL DIPARTIMENTO DI MATEMATICA E FISICA$1IT-CE0120$2VAN08 912 $fN 912 $aVAN0275376 950 $aBIBLIOTECA DEL DIPARTIMENTO DI MATEMATICA E FISICA$d08CONS e-Book 8461 $e08eMF8461 20240503 996 $aTrends in Biomathematics: Chaos and Control in Epidemics, Ecosystems, and Cells$94153530 997 $aUNICAMPANIA LEADER 01636nam0 2200397 i 450 001 VAN00104055 005 20240806100725.28 017 70$2N$a978-3-319-11008-0 100 $a20151204d2014 |0itac50 ba 101 $aeng 102 $aCH 105 $a|||| ||||| 200 1 $aInteger programming$fMichele Conforti, Gérard Cornuéjols, Giacomo Zambelli 210 $aCham$cSpringer$d2014 215 $aXII, 456 p.$cill.$d24 cm 410 1$1001VAN00023579$12001 $aGraduate texts in mathematics$1210 $aNew York [etc.]$cSpringer$d1950-$v271 500 1$3VAN00241121$aInteger programming$91409945 606 $a90C10$xInteger programming [MSC 2020]$3VANC023616$2MF 610 $aInteger programming$9KW:K 610 $aMixed-Integer Linear Programming$9KW:K 610 $aOperations Research$9KW:K 610 $aOptimization$9KW:K 610 $aPolyhedral Theory$9KW:K 620 $aCH$dCham$3VANL001889 700 1$aConforti$bMichele$3VANV081105$0447987 701 1$aCornuéjols$bGérard$3VANV081107$0553813 701 1$aZambelli$bGiacomo$3VANV081108$0721231 712 $aSpringer $3VANV108073$4650 801 $aIT$bSOL$c20250131$gRICA 856 4 $uhttp://dx.doi.org/10.1007/978-3-319-11008-0$zE-book ? Accesso al full-text attraverso riconoscimento IP di Ateneo, proxy e/o Shibboleth 899 $aBIBLIOTECA CENTRO DI SERVIZIO SBA$2VAN15 912 $fN 912 $aVAN00104055 950 $aBIBLIOTECA CENTRO DI SERVIZIO SBA$d15CONS SBA EBOOK 4487 $e15EB 4487 20191106 996 $aInteger programming$91409945 997 $aUNICAMPANIA